000
00330nam a2200145Ia 4500
008
191201s2011 xx 000 0 und d
082
_a
519.521
_b
LEB
100
_a
LEVINE, David M
245
0
_a
Business Statistics
250
_a
5th
260
_a
N. delhi
_b
pearson
_c
2011
300
_a
665
650
_a
BBA
942
_2
ddc
_c
BK
_0
3
999
_c
5127
_d
5127